Navíjate správne? čo možno ešte neviete o rybárskych vlascoch

Bibliographic Details
Format: Article
Language:Slovak
PhysicalDescription:Obr.
ISSN:0231-8768
Subjects:

MARC

LEADER 00000nab a2200000 a 4500
001 vtls008991647
003 SK-MaSNL
005 20260304134142.0
008 250505c2007 xo |||||||||||000 b|slo
015 |a SNBRB2007/05  |2 snkbucl 
035 |a (uuid)38dbe319-978b-42ac-9398-097aedf6846b 
035 |a urn:nbn:sk:snk-abesz4 
035 |a (urnnbn)urn:nbn:sk:snk:ar-0074or 
038 |a SNKBUCL 
040 |a SNKBUCL  |b slo  |c SNKBUCL  |e AACR2 
041 0 |a slo 
044 |a xo  |c SK 
080 |a 639.2.081.43  |2 1997 
245 0 0 |a Navíjate správne?  |b čo možno ešte neviete o rybárskych vlascoch  |c [autor] (mf) 
300 |b Obr. 
650 0 7 |a rybolov na udicu  |2 snkbucl  |9 1232561 
650 0 7 |a rybolovné náradie  |2 snkbucl  |9 1451735 
650 0 7 |a rybárske potreby  |2 snkbucl  |9 75875 
773 0 |t Poľovníctvo a rybárstvo  |g Roč. 59, č. 3 (2007), s. 51  |x 0231-8768 
850 |a Slovenská národná knižnica 
852 |a Slovenská národná knižnica 
958 |a article27 
958 |a OND 
999 |c 2905511  |d 2907441